000
00406nam a2200145Ia 4500
008
100204s9999 xx 000 0 und d
082
_b
13578
100
_a
भोपे मधुरंजन
245
_a
आवर्त
260
_b
"सदानंद प्रकाशन , पुणे"
_c
1984
300
_a
218
630
_a
आवर्त
730
_a
आवर्त
942
_c
BOOK
999
_c
458010
_d
458007